Linear differential equations and function spaces (Record no. 2861)

MARC details
000 -LEADER
fixed length control field 00671nam a2200205Ia 4500
003 - CONTROL NUMBER IDENTIFIER
control field IN-BaIIA
008 - FIXED-LENGTH DATA ELEMENTS--GENERAL INFORMATION
fixed length control field 211028s9999 xx 000 0 eng d
040 ## - CATALOGING SOURCE
Transcribing agency IIA Library
080 ## - UNIVERSAL DECIMAL CLASSIFICATION NUMBER
Universal Decimal Classification number 517.926
Item number MAS
100 ## - MAIN ENTRY--PERSONAL NAME
Personal name Massera, Jose Luis
9 (RLIN) 5103
245 #0 - TITLE STATEMENT
Title Linear differential equations and function spaces
Statement of responsibility, etc. Jose Luis Massera and Juan Jorge Schaffer
260 ## - PUBLICATION, DISTRIBUTION, ETC.
Place of publication, distribution, etc. New York
Name of publisher, distributor, etc. Academic Press
Date of publication, distribution, etc. 1966
300 ## - PHYSICAL DESCRIPTION
Extent xx, 404p.
490 ## - SERIES STATEMENT
Series statement Pure and applied mathematics
650 ## - SUBJECT ADDED ENTRY--TOPICAL TERM
Topical term or geographic name entry element Differential equations
9 (RLIN) 1510
650 ## - SUBJECT ADDED ENTRY--TOPICAL TERM
Topical term or geographic name entry element Linear equations
9 (RLIN) 1638
650 ## - SUBJECT ADDED ENTRY--TOPICAL TERM
Topical term or geographic name entry element NASA Thesaurus
700 ## - ADDED ENTRY--PERSONAL NAME
Personal name Schaffer, Juan Jorge
9 (RLIN) 5104
942 ## - ADDED ENTRY ELEMENTS (KOHA)
Koha item type Books
Holdings
Withdrawn status Lost status Damaged status Not for loan Home library Current library Shelving location Date acquired Cost, normal purchase price Total Checkouts Full call number Barcode Date last seen Cost, replacement price Price effective from Koha item type Purchase Price
        IIA Library-Bangalore IIA Library-Bangalore General Stacks 30/03/1967 115.20   517.926/ MAS 3185 05/11/2021 115.20 30/03/1967 Books Rs. 115.20

Powered by Koha